Follow-up of an adolescent in a closed educational center: The staging of puberty in its process of change through crime (notice n° 1529233)

détails MARC
000 -LEADER
fixed length control field 01506cam a2200169 4500500
005 - DATE AND TIME OF LATEST TRANSACTION
control field 20251012013356.0
041 ## - LANGUAGE CODE
Language code of text/sound track or separate title fre
042 ## - AUTHENTICATION CODE
Authentication code dc
100 10 - MAIN ENTRY--PERSONAL NAME
Personal name David, Louis
Relator term author
245 00 - TITLE STATEMENT
Title Follow-up of an adolescent in a closed educational center: The staging of puberty in its process of change through crime
260 ## - PUBLICATION, DISTRIBUTION, ETC.
Date of publication, distribution, etc. 2025.<br/>
500 ## - GENERAL NOTE
General note 47
520 ## - SUMMARY, ETC.
Summary, etc. We propose to explore the hysterical staging process as a potential opening to the individuation-separation process of a 16-year-old whom we will call Ali, placed in a closed educational center for committing racketeering as part of an organized gang, which Ali speaks about often. Therapeutic support in a face-to-face arrangement with the clinician opens up a completely different staging space: that of affective co-sharing and potential psychic metamorphosis during his stay. This space of seeing/being seen, which at times includes the therapist unwittingly in these criminal scenic narratives, would make it possible to support Ali, who is plagued by fear of abandonment by the paternal figure during his stay. This investigation of the hysterical process could open up a new way of approaching the Oedipus complex in subjects prone to transgression as a mechanism for counter-investing abandonment anxieties.
700 10 - ADDED ENTRY--PERSONAL NAME
Personal name Willems Federici, David
Relator term author
786 0# - DATA SOURCE ENTRY
Note Cliniques | 28 | 2 | 2025-05-05 | p. 112-125 | 2115-8177
856 41 - ELECTRONIC LOCATION AND ACCESS
Uniform Resource Identifier <a href="https://shs.cairn.info/journal-cliniques-2024-2-page-112?lang=en&redirect-ssocas=7080">https://shs.cairn.info/journal-cliniques-2024-2-page-112?lang=en&redirect-ssocas=7080</a>

Pas d'exemplaire disponible.

PLUDOC

PLUDOC est la plateforme unique et centralisée de gestion des bibliothèques physiques et numériques de Guinée administré par le CEDUST. Elle est la plus grande base de données de ressources documentaires pour les Étudiants, Enseignants chercheurs et Chercheurs de Guinée.

Adresse

627 919 101/664 919 101

25 boulevard du commerce
Kaloum, Conakry, Guinée

Réseaux sociaux

Powered by Netsen Group @ 2025